[Event "SC Gronau 2 - SK Dülmen 2"]
[Site "Verbandsklasse 2019/2020"]
[Date "2019.09.14"]
[Round "1.1"]
[White "Stegemann, Norbert"]
[Black "Kloenne, Tim"]
[Result "0-1"]
[WhiteElo "1871"]
[BlackElo "1801"]
[PlyCount "140"]
[EventDate "2019.??.??"]
[SourceDate "2019.09.20"]

1. c4 e5 2. g3 Nf6 3. Bg2 d5 4. cxd5 Nxd5 5. Nc3 Nb6 6. Nf3 Nc6 7. O-O Be7 8.
d3 Be6 9. Be3 O-O 10. Rc1 f6 11. a3 Nd4 12. Nd2 c6 13. Nce4 Rf7 14. Nc5 Bxc5
15. Rxc5 Nf5 16. Ne4 Nxe3 17. fxe3 Nd5 18. Qd2 Qe7 19. Rcc1 Nb6 20. Nc5 Bd5 21.
Bh3 Rff8 22. e4 Bf7 23. b4 Rfd8 24. Qc3 Rab8 25. a4 Qd6 26. a5 Na8 27. a6 bxa6
28. Nxa6 Rb6 29. Ra1 Nc7 30. Nxc7 Qxc7 31. Ra4 Qb7 32. Rfa1 a6 33. Qa3 Ra8 34.
Kg2 g6 35. Kg1 Qe7 36. Qc3 Kg7 37. Qc5 Qc7 38. Kf2 Qb7 39. Qd6 Rb5 40. Qd7 Qb6+
41. Kf3 c5 42. bxc5 Rxc5 43. R4a3 Rb5 44. Rc3 Ra7 45. Qc8 a5 46. Rc6 Qb8 47.
Ra6 Qxc8 48. Bxc8 Rxa6 49. Bxa6 Rc5 50. Bc4 Bxc4 51. dxc4 h5 52. Ke3 Kh6 53.
Kd3 Kg5 54. h3 h4 55. gxh4+ Kxh4 56. Rb1 Rc6 57. Kc3 Kxh3 58. Rb5 g5 59. Rxa5
g4 60. Ra8 g3 61. Rg8 g2 62. Kb4 Kh2 63. Rh8+ Kg3 64. Kb5 Rc7 65. Rg8+ Kf2 66.
c5 g1=Q 67. Rxg1 Kxg1 68. Kb6 Rc8 69. c6 Kf2 70. Kb7 Rh8 0-1

[Event "SC Gronau 2 - SK Dülmen 2"]
[Site "Verbandsklasse 2019/2020"]
[Date "2019.09.14"]
[Round "1.2"]
[White "Tsoukkerman, Boris Z"]
[Black "Gehlen, Horst"]
[Result "1/2-1/2"]
[WhiteElo "1907"]
[BlackElo "1737"]
[PlyCount "41"]
[EventDate "2019.??.??"]
[SourceDate "2019.09.20"]

1. Nf3 Nf6 2. d4 d5 3. g3 e6 4. c4 c5 5. cxd5 exd5 6. Bg2 b6 7. O-O Bb7 8. Nc3
Be7 9. b3 O-O 10. Bb2 Nc6 11. e3 Re8 12. Rc1 Ne4 13. dxc5 Bxc5 14. Nxd5 Qd6 15.
Nc3 Qxd1 16. Nxd1 Rad8 17. a3 a5 18. Nd4 Nxd4 19. exd4 Bxd4 20. Bxd4 Rxd4 21.
Nc3 1/2-1/2

[Event "SC Gronau 2 - SK Dülmen 2"]
[Site "Verbandsklasse 2019/2020"]
[Date "2019.09.14"]
[Round "1.3"]
[White "Hussein, Zaman"]
[Black "Binger, Friedhelm"]
[Result "1-0"]
[WhiteElo "1664"]
[BlackElo "1703"]
[PlyCount "45"]
[EventDate "2019.??.??"]
[SourceDate "2019.09.20"]

1. e4 e5 2. Nf3 Nc6 3. Bb5 a6 4. Ba4 Nf6 5. O-O Be7 6. d3 b5 7. Bb3 d6 8. c3
Na5 9. Bc2 c5 10. Be3 Nc6 11. Nbd2 O-O 12. h3 Qc7 13. Re1 h6 14. Nf1 b4 15. Ng3
a5 16. Qd2 Kh7 17. d4 Re8 18. d5 Nd8 19. Nh2 g5 20. Qe2 Kg7 21. Nh5+ Nxh5 22.
Qxh5 f6 23. Qxe8 1-0

[Event "SC Gronau 2 - SK Dülmen 2"]
[Site "Verbandsklasse 2019/2020"]
[Date "2019.09.14"]
[Round "1.4"]
[White "Reinhold, Klaus"]
[Black "Stein, Michael"]
[Result "1/2-1/2"]
[WhiteElo "1823"]
[BlackElo "1688"]
[PlyCount "44"]
[EventDate "2019.??.??"]
[SourceDate "2019.09.20"]

1. d4 Nf6 2. c4 g6 3. Nc3 d5 4. Nf3 Bg7 5. Qb3 dxc4 6. Qxc4 Be6 7. Qb5+ Bd7 8.
Qxb7 Bc6 9. Qb3 O-O 10. Qc4 Nd5 11. Ne5 Bb7 12. f3 Nb6 13. Qd3 Na6 14. a3 c5
15. Be3 cxd4 16. Bxd4 Qb8 17. Qb5 Nc7 18. Qb3 Ne6 19. Bxb6 Qxe5 20. Bf2 Rac8
21. Rc1 Nf4 22. e3 Bd5 1/2-1/2

[Event "SC Gronau 2 - SK Dülmen 2"]
[Site "Verbandsklasse 2019/2020"]
[Date "2019.09.14"]
[Round "1.5"]
[White "Lober, Sascha"]
[Black "Sprenger, Franz"]
[Result "1-0"]
[WhiteElo "1641"]
[BlackElo "1675"]
[PlyCount "153"]
[EventDate "2019.??.??"]
[SourceDate "2019.09.20"]

1. Nc3 e5 2. Nf3 Nc6 3. d4 exd4 4. Nxd4 Ne5 5. Bf4 Ng6 6. Bg3 Bb4 7. Qd3 N8e7
8. a3 Ba5 9. O-O-O d6 10. e4 O-O 11. h4 Ne5 12. Bxe5 dxe5 13. Nde2 Qxd3 14.
Rxd3 Be6 15. g3 Rad8 16. Rxd8 Rxd8 17. Bh3 Bxh3 18. Rxh3 Bb6 19. Nd1 c5 20. f4
Nc6 21. f5 Nd4 22. Nec3 Ba5 23. Rh2 b5 24. Nd5 Nc6 25. c3 b4 26. Kc2 bxa3 27.
bxa3 f6 28. Nb2 Rb8 29. Na4 Bb6 30. Naxb6 axb6 31. a4 b5 32. axb5 Rxb5 33. g4
Ra5 34. Kb2 Rb5+ 35. Kc2 Na5 36. Nc7 Rb7 37. Ne6 Nc4 38. Kc1 Ra7 39. Kb1 Ra5
40. Ra2 Rb5+ 41. Kc1 Nd6 42. Ra8+ Kf7 43. Ra7+ Kg8 44. Rxg7+ Kh8 45. Rd7 Nb7
46. Rf7 h5 47. Rxf6 hxg4 48. Rh6+ Kg8 49. Rg6+ Kf7 50. Rxg4 Nd6 51. Nd8+ Ke8
52. Ne6 Ra5 53. h5 c4 54. Rh4 Ra3 55. Kb2 Rb3+ 56. Kc2 Nb5 57. Rh3 Na3+ 58. Kc1
Rb1+ 59. Kd2 Rb2+ 60. Kd1 Rb1+ 61. Ke2 Rb2+ 62. Kf1 Kf7 63. Rg3 Rh2 64. Ng5+
Kf6 65. Rh3 Rxh3 66. Nxh3 Nb5 67. h6 Nd6 68. h7 Kg7 69. Ng5 Ne8 70. Ke2 Nf6 71.
Kd2 Nh5 72. Kc2 Nf4 73. Ne6+ Kxh7 74. Nxf4 exf4 75. Kd2 Kh6 76. Ke2 Kg5 77. Kf3
1-0

[Event "SC Gronau 2 - SK Dülmen 2"]
[Site "Verbandsklasse 2019/2020"]
[Date "2019.09.14"]
[Round "1.6"]
[White "Schlueter, Gerhard"]
[Black "Wilms, Gerwin"]
[Result "1/2-1/2"]
[WhiteElo "1655"]
[BlackElo "1616"]
[PlyCount "38"]
[EventDate "2019.??.??"]
[SourceDate "2019.09.20"]

1. e4 e6 2. d4 d5 3. exd5 exd5 4. Bd3 Nc6 5. Nf3 Bg4 6. c3 Qd7 7. Be3 Bd6 8.
Nbd2 O-O-O 9. Qa4 Kb8 10. Bb5 Nge7 11. Ne5 Bxe5 12. dxe5 a6 13. Bxc6 Nxc6 14.
Qf4 Qf5 15. Qxf5 Bxf5 16. f4 Rhe8 17. Kf2 d4 18. cxd4 Nxd4 19. Nf3 Nxf3 1/2-1/2

[Event "SC Gronau 2 - SK Dülmen 2"]
[Site "Verbandsklasse 2019/2020"]
[Date "2019.09.14"]
[Round "1.7"]
[White "Bienhuels, Michael"]
[Black "Baer, Klaus"]
[Result "0-1"]
[WhiteElo "1658"]
[BlackElo "1675"]
[PlyCount "58"]
[EventDate "2019.??.??"]
[SourceDate "2019.09.20"]

1. e4 c5 2. d4 cxd4 3. c3 d3 4. c4 Nc6 5. Bxd3 d6 6. h3 g6 7. Nf3 Bg7 8. Nc3
Nf6 9. Be3 O-O 10. a3 b6 11. Qd2 Re8 12. Bh6 Bh8 13. Rc1 Bb7 14. O-O Rc8 15.
Be3 Na5 16. Qe2 Nb3 17. Rcd1 Nd7 18. Qc2 Nbc5 19. b4 Nxd3 20. Qxd3 Qc7 21. Nb5
Qxc4 22. Nxa7 Qxd3 23. Rxd3 Ra8 24. Nb5 Bxe4 25. Rdd1 Rec8 26. Rc1 Bd3 27.
Rxc8+ Rxc8 28. Na7 Rc7 29. Rd1 Be2 0-1

[Event "SC Gronau 2 - SK Dülmen 2"]
[Site "Verbandsklasse 2019/2020"]
[Date "2019.09.14"]
[Round "1.8"]
[White "Gerdes, Joachim"]
[Black "Krimphove, Martin"]
[Result "1/2-1/2"]
[WhiteElo "1276"]
[BlackElo "1502"]
[PlyCount "93"]
[EventDate "2019.??.??"]
[SourceDate "2019.09.20"]

1. e4 e5 2. Nf3 Nf6 3. Nxe5 d6 4. Nf3 Nxe4 5. d4 d5 6. Bd3 Nc6 7. h3 Be7 8. O-O
O-O 9. c3 a6 10. a4 Be6 11. Re1 Nd6 12. Bf4 Re8 13. Ne5 Bf5 14. Nxc6 bxc6 15.
Bxf5 Nxf5 16. Qd3 Nd6 17. Nd2 Nb7 18. b4 a5 19. b5 cxb5 20. Qxb5 Rb8 21. Qc6
Bd6 22. Bxd6 Nxd6 23. Qxd5 Rb2 24. Nf3 Ree2 25. Rxe2 Rxe2 26. Qxa5 Ne4 27. Rf1
Qb8 28. Qa6 Nxc3 29. Rc1 Re6 30. Qc4 Ne2+ 31. Kh2 Nxc1 32. Qxc1 h6 33. g3 Ra6
34. Qc4 Qa7 35. Ne5 c5 36. Nxf7 Qxf7 37. Qxa6 Qxf2+ 38. Kh1 Qf3+ 39. Kh2 Qf2+
40. Kh1 cxd4 41. a5 Qf3+ 42. Kh2 d3 43. Qc8+ Kh7 44. a6 Qf2+ 45. Kh1 Qe1+ 46.
Kg2 Qe2+ 47. Kg1 1/2-1/2

[Event "SC Rochade Emsdetten 3 - Indische Dame "]
[Site "Verbandsklasse 2019/2020"]
[Date "2019.09.14"]
[Round "1.1"]
[White "Frie, Michael"]
[Black "Bahr, Maximilian"]
[Result "1/2-1/2"]
[WhiteElo "1869"]
[BlackElo "1738"]
[PlyCount "58"]
[EventDate "2019.??.??"]
[SourceDate "2019.09.20"]

1. e4 e5 2. Nf3 Nc6 3. Bb5 f5 4. Nc3 fxe4 5. Nxe4 d5 6. Ng3 Bd6 7. O-O Nf6 8.
Bxc6+ bxc6 9. Nxe5 Bxe5 10. Re1 O-O 11. Rxe5 Ng4 12. Re2 Qh4 13. Nf1 Ba6 14. d3
Rxf2 15. g3 Qf6 16. Bf4 Rxe2 17. Qxe2 Qxb2 18. Re1 Nf6 19. Qe6+ Kh8 20. Bg5 Ng8
21. Ne3 Bb7 22. Rf1 d4 23. Nc4 Qxc2 24. Ne5 h6 25. Qg6 Ne7 26. Nf7+ Kg8 27.
Nxh6+ Kh8 28. Nf7+ Kg8 29. Bxe7 c5 1/2-1/2

[Event "SC Rochade Emsdetten 3 - Indische Dame "]
[Site "Verbandsklasse 2019/2020"]
[Date "2019.09.14"]
[Round "1.2"]
[White "Willermann, Norbert"]
[Black "Tenberge, Norbert"]
[Result "1/2-1/2"]
[WhiteElo "1597"]
[BlackElo "1809"]
[PlyCount "56"]
[EventDate "2019.??.??"]
[SourceDate "2019.09.20"]

1. e4 d6 2. d4 Nf6 3. Nc3 c6 4. Nf3 Bg4 5. Be2 Nbd7 6. h3 Bxf3 7. Bxf3 e5 8.
O-O Be7 9. Bg5 O-O 10. Be2 Qb6 11. dxe5 dxe5 12. Rb1 a5 13. a3 Qa7 14. Be3 Bc5
15. Bxc5 Nxc5 16. Bd3 Rad8 17. Qe2 Rd4 18. Qe3 b6 19. f4 Qc7 20. fxe5 Qxe5 21.
Rf5 Qd6 22. e5 Qd7 23. exf6 Rxd3 24. Qg5 Ne6 25. Qg4 Qd4+ 26. Qxd4 Rxd4 27.
fxg7 Rfd8 28. Rbf1 R8d7 1/2-1/2

[Event "SC Rochade Emsdetten 3 - Indische Dame "]
[Site "Verbandsklasse 2019/2020"]
[Date "2019.09.14"]
[Round "1.3"]
[White "Glotzbach, Thomas"]
[Black "Peters, Tobias"]
[Result "1-0"]
[WhiteElo "1777"]
[BlackElo "1690"]
[PlyCount "67"]
[EventDate "2019.??.??"]
[SourceDate "2019.09.20"]

1. e4 c5 2. c3 Nf6 3. e5 Nd5 4. d4 cxd4 5. Qxd4 e6 6. Bc4 Nc6 7. Qe4 Be7 8.
Bxd5 exd5 9. Qxd5 O-O 10. Nf3 d6 11. exd6 Bxd6 12. Be3 Be6 13. Qd3 Nb4 14. Qe2
Nd5 15. Nd4 Bd7 16. O-O Re8 17. Qf3 Re5 18. Bf4 Nxf4 19. Qxf4 Rd5 20. Qe4 Rh5
21. g3 Bh3 22. Rd1 Qg5 23. Nd2 Qh6 24. N2f3 f5 25. Qe6+ Qxe6 26. Nxe6 Bg4 27.
Rxd6 Bxf3 28. Nd4 Bg4 29. f3 Bh3 30. Re1 Rf8 31. Re7 f4 32. g4 Rh4 33. Ne6 Bxg4
34. Rxg7+ 1-0

[Event "SC Rochade Emsdetten 3 - Indische Dame "]
[Site "Verbandsklasse 2019/2020"]
[Date "2019.09.14"]
[Round "1.4"]
[White "Schmidt, Frank"]
[Black "Wichmann, Norbert"]
[Result "0-1"]
[WhiteElo "1558"]
[BlackElo "1750"]
[PlyCount "113"]
[EventDate "2019.??.??"]
[SourceDate "2019.09.20"]

1. d4 Nf6 2. Nf3 g6 3. g3 Bg7 4. Bg2 O-O 5. O-O d6 6. Nc3 Nbd7 7. Bg5 h6 8.
Bxf6 Bxf6 9. e4 c6 10. Rb1 Qc7 11. Re1 Rb8 12. a4 a6 13. Qd2 Bg7 14. d5 c5 15.
Bf1 b6 16. Ne2 Nf6 17. Nf4 g5 18. Ng2 Nd7 19. Ne3 Nf6 20. Ng2 b5 21. axb5 axb5
22. c3 b4 23. c4 Ng4 24. Ne3 Nxe3 25. Qxe3 e5 26. Nd2 Bd7 27. b3 Ra8 28. Ra1
Qb7 29. Reb1 Ra3 30. Qe1 Rfa8 31. Bd3 Qa7 32. Rxa3 Qxa3 33. Kg2 h5 34. Qc1 Bh6
35. Qc2 Qa6 36. Be2 g4 37. Bd3 Qa2 38. Rb2 Qa1 39. Nf1 Qe1 40. Rb1 Qc3 41. Ne3
Bxe3 42. fxe3 Qxc2+ 43. Bxc2 Ra2 44. Rc1 Kg7 45. Kg1 Kg6 46. Kh1 Kg5 47. Kg1
Rb2 48. Kh1 f5 49. Kg2 f4 50. exf4+ exf4 51. gxf4+ Kxf4 52. Rf1+ Ke5 53. Rf2 h4
54. Rd2 Be8 55. Kf2 Bg6 56. Kf1 Bxe4 57. Re2 0-1

[Event "SC Rochade Emsdetten 3 - Indische Dame "]
[Site "Verbandsklasse 2019/2020"]
[Date "2019.09.14"]
[Round "1.5"]
[White "Overesch, Dieter"]
[Black "Pfeiffer, Erich"]
[Result "0-1"]
[WhiteElo "1734"]
[BlackElo "1575"]
[PlyCount "140"]
[EventDate "2019.??.??"]
[SourceDate "2019.09.20"]

1. d4 d5 2. Nf3 c6 3. c3 Bf5 4. Bf4 Nf6 5. Nbd2 e6 6. e3 Bd6 7. Bg3 Bxg3 8.
hxg3 h6 9. Be2 Nbd7 10. O-O Qb6 11. Qb3 Qxb3 12. axb3 O-O 13. b4 a6 14. Nb3
Rfe8 15. Na5 Rab8 16. Rfc1 e5 17. dxe5 Nxe5 18. Nd4 Bh7 19. Rd1 Ne4 20. Rac1
Nd6 21. Kf1 Nf5 22. g4 Nxd4 23. Rxd4 Re7 24. Nb3 Nd7 25. Na5 g5 26. Nb3 Re4 27.
Bd3 Rxd4 28. Bxh7+ Kxh7 29. Nxd4 Ne5 30. f3 Re8 31. Nf5 Nc4 32. Kf2 Nxb2 33.
Rh1 Re6 34. Nd4 Rf6 35. Nf5 Na4 36. Rc1 Nb2 37. Rh1 Nc4 38. e4 dxe4 39. fxe4
Re6 40. Re1 Ne5 41. Kg3 c5 42. bxc5 Nd3 43. Re2 Nxc5 44. Kf3 b5 45. Nd4 Rd6 46.
e5 Rd7 47. Re3 Ne6 48. Nf5 Nf4 49. g3 Nd5 50. Rd3 Nb6 51. Nd4 Nc4 52. Ke4 Re7
53. e6 fxe6 54. Nc6 Rc7 55. Ne5 Nxe5 56. Kxe5 Rc6 57. Kf6 e5+ 58. Kxe5 Kg6 59.
Ke4 a5 60. Rd5 Rb6 61. Kd3 a4 62. Kc2 h5 63. gxh5+ Kxh5 64. Rd4 Kg6 65. Kb2 Kf5
66. Ka3 Rc6 67. Kb2 a3+ 68. Ka2 Rxc3 69. g4+ Ke6 70. Rb4 Rc4 0-1

[Event "SC Rochade Emsdetten 3 - Indische Dame "]
[Site "Verbandsklasse 2019/2020"]
[Date "2019.09.14"]
[Round "1.6"]
[White "Gatterdam, Karl Heinz"]
[Black "Ter Veen, Michael"]
[Result "1/2-1/2"]
[WhiteElo "1695"]
[BlackElo "1658"]
[PlyCount "59"]
[EventDate "2019.??.??"]
[SourceDate "2019.09.20"]

1. d4 d5 2. c4 e6 3. Nc3 Nf6 4. Bg5 Be7 5. e3 c6 6. Nf3 Nbd7 7. cxd5 exd5 8.
Bd3 Ne4 9. Bxe7 Qxe7 10. Qc2 f5 11. a3 O-O 12. O-O Ndf6 13. Ne5 Nxc3 14. Qxc3
Ne4 15. Qc2 Be6 16. b4 a6 17. Bxe4 fxe4 18. Rac1 Rac8 19. Qc5 Qg5 20. Kh1 Bg4
21. Nxg4 Qxg4 22. Rc2 Qg5 23. h3 Rf7 24. a4 Rcf8 25. b5 axb5 26. axb5 Rf6 27.
Qe7 cxb5 28. Qxb7 Rg6 29. Rg1 Rgf6 30. Rf1 1/2-1/2

[Event "SC Rochade Emsdetten 3 - Indische Dame "]
[Site "Verbandsklasse 2019/2020"]
[Date "2019.09.14"]
[Round "1.8"]
[White "Schneider, Richard"]
[Black "Bexten, Alvin"]
[Result "1-0"]
[WhiteElo "1555"]
[BlackElo "1524"]
[PlyCount "45"]
[EventDate "2019.??.??"]
[SourceDate "2019.09.20"]

1. d4 Nf6 2. c4 e6 3. Nf3 d5 4. e3 b6 5. Be2 Be7 6. O-O O-O 7. b3 dxc4 8. Bxc4
Ba6 9. Bxa6 Nxa6 10. Ne5 Nb4 11. Qe2 c5 12. a3 Nbd5 13. Nc6 Qd6 14. Nxe7+ Nxe7
15. dxc5 Qxc5 16. Bb2 Nd7 17. Rc1 Qd5 18. b4 e5 19. Nc3 Qb7 20. Rd1 f6 21. Nb5
Nf5 22. Qd3 Nh4 23. Qc4+ 1-0

[Event "SK Ochtrup 1 - SC Hiltrup 1"]
[Site "Verbandsklasse 2019/2020"]
[Date "2019.09.14"]
[Round "1.1"]
[White "Kammers, Heribert"]
[Black "Jacob, Helmut"]
[Result "1/2-1/2"]
[WhiteElo "1954"]
[BlackElo "2019"]
[PlyCount "106"]
[EventDate "2019.??.??"]
[SourceDate "2019.09.20"]

1. d4 Nf6 2. Nf3 e6 3. e3 b6 4. Bd3 Bb7 5. O-O Be7 6. c4 c5 7. Nc3 d6 8. b3 O-O
9. d5 e5 10. Nd2 Ne8 11. Qc2 g6 12. e4 Ng7 13. f4 exf4 14. Rxf4 Nd7 15. Rf1 Ne5
16. Nf3 Bf6 17. Bf4 Qe7 18. Rae1 Nh5 19. Bh6 Rfe8 20. Qd2 Ng7 21. Nxe5 Bxe5 22.
Bf4 Nh5 23. Bxe5 Qxe5 24. Be2 Ng7 25. Qf4 Re7 26. Qxe5 Rxe5 27. Rf2 Rd8 28.
Ref1 Re7 29. Bd3 Bc8 30. Nb1 Ne8 31. Nd2 Kg7 32. h3 Bd7 33. Kh2 Rb8 34. a4 a6
35. Kg3 b5 36. axb5 axb5 37. Ra1 bxc4 38. Bxc4 Bb5 39. Bxb5 Rxb5 40. Ra6 Rb4
41. Rf3 Rd4 42. Nc4 Rd7 43. Re3 f6 44. Kf3 Kf7 45. Rc3 Rd1 46. Na5 Ra1 47. Rc4
Rb1 48. Rb6 Ra7 49. Nc6 Rd7 50. b4 Rb3+ 51. Kf2 Rb2+ 52. Kf3 Rb3+ 53. Kf2 Rb2+
1/2-1/2

[Event "SK Ochtrup 1 - SC Hiltrup 1"]
[Site "Verbandsklasse 2019/2020"]
[Date "2019.09.14"]
[Round "1.2"]
[White "Moor, Daniel"]
[Black "Junk, Phillip"]
[Result "0-1"]
[WhiteElo "1899"]
[BlackElo "1922"]
[PlyCount "102"]
[EventDate "2019.??.??"]
[SourceDate "2019.09.20"]

1. e4 e5 2. Nf3 Nc6 3. Nc3 Nf6 4. d4 exd4 5. Nd5 d6 6. Nxd4 Nxd5 7. exd5 Ne5 8.
Bb5+ Bd7 9. Qe2 Be7 10. O-O O-O 11. Bxd7 Nxd7 12. Be3 Bf6 13. Rad1 a6 14. c4
Re8 15. Qc2 Ne5 16. b3 Qd7 17. Qf5 Qxf5 18. Nxf5 g6 19. Nd4 Ng4 20. Nc2 Nxe3
21. Nxe3 Bg5 22. Rfe1 Bxe3 23. Rxe3 Rxe3 24. fxe3 f5 25. Kf2 Kg7 26. g3 Kf6 27.
Rd4 g5 28. Ke2 Rf8 29. h4 h6 30. b4 Ke5 31. Kf3 b5 32. hxg5 hxg5 33. cxb5 g4+
34. Kg2 axb5 35. a3 Ra8 36. Rd3 Ke4 37. Rc3 Ra7 38. Kf2 Kxd5 39. Ke2 c5 40.
Rd3+ Ke5 41. bxc5 dxc5 42. Rb3 Ra5 43. Rc3 c4 44. Kd2 Ke4 45. Ke2 Ra6 46. Kf2
Kd5 47. Ke2 Kc5 48. Kf2 b4 49. axb4+ Kxb4 50. Rc1 Ra2+ 51. Kg1 c3 0-1

[Event "SK Ochtrup 1 - SC Hiltrup 1"]
[Site "Verbandsklasse 2019/2020"]
[Date "2019.09.14"]
[Round "1.3"]
[White "Tigranjan, Raphael"]
[Black "Schwietering, Ralf"]
[Result "1-0"]
[WhiteElo "1774"]
[BlackElo "1817"]
[PlyCount "42"]
[EventDate "2019.??.??"]
[SourceDate "2019.09.20"]

1. e4 e5 2. Nf3 Nc6 3. d4 exd4 4. Bc4 Bb4+ 5. c3 dxc3 6. bxc3 Ba5 7. Qb3 Qe7 8.
O-O Nf6 9. e5 Nxe5 10. Nxe5 Qxe5 11. Bxf7+ Kd8 12. Bc4 Ng4 13. g3 Bb6 14. Bf4
Qc5 15. Kg2 Nxf2 16. Nd2 d5 17. Bg5+ Kd7 18. Bxd5 c6 19. Be6+ Kc7 20. Bf4+ Kd8
21. Ne4 Ke8 1-0

[Event "SK Ochtrup 1 - SC Hiltrup 1"]
[Site "Verbandsklasse 2019/2020"]
[Date "2019.09.14"]
[Round "1.4"]
[White "Boshe Plois, Stefan"]
[Black "Haves, Daniel"]
[Result "1-0"]
[WhiteElo "1802"]
[BlackElo "1640"]
[PlyCount "81"]
[EventDate "2019.??.??"]
[SourceDate "2019.09.20"]

1. e4 d6 2. d4 Nf6 3. Nc3 e5 4. Nf3 Nbd7 5. Bg5 Be7 6. Be2 O-O 7. h3 c6 8. a4
b6 9. O-O a6 10. Qd2 Re8 11. Rfd1 Bf8 12. Bxf6 Qxf6 13. d5 c5 14. Qe3 h6 15.
Nh2 Qg6 16. Nf1 Be7 17. Ng3 Nf6 18. Qf3 Rf8 19. Ra3 Nh7 20. Nf5 Qf6 21. Bd3 Ng5
22. Nxe7+ Qxe7 23. Qe3 Ra7 24. Rb3 Qd8 25. Ne2 f5 26. f4 Nxe4 27. fxe5 dxe5 28.
Bxe4 fxe4 29. Ng3 Rf4 30. a5 bxa5 31. Qxc5 Rc7 32. Qb6 a4 33. Rc3 Rd7 34. Qe6+
Kh8 35. Qxe5 Qb6+ 36. Kh2 Rf8 37. Rc6 Qxc6 38. dxc6 Rxd1 39. Nh5 Rg8 40. Qxe4
Rb1 41. Nf4 1-0

[Event "SK Ochtrup 1 - SC Hiltrup 1"]
[Site "Verbandsklasse 2019/2020"]
[Date "2019.09.14"]
[Round "1.5"]
[White "Junk, Andreas"]
[Black "Schmerling, Janek"]
[Result "1/2-1/2"]
[WhiteElo "1728"]
[BlackElo "1676"]
[PlyCount "45"]
[EventDate "2019.??.??"]
[SourceDate "2019.09.20"]

1. e4 e5 2. Nf3 Nc6 3. d3 Bc5 4. Nc3 d6 5. g3 Bg4 6. Bg2 Qd7 7. Na4 O-O-O 8. c3
f5 9. h3 fxe4 10. dxe4 Bh5 11. Nxc5 dxc5 12. Qxd7+ Rxd7 13. Be3 b6 14. O-O Nf6
15. Nh4 Na5 16. g4 Bf7 17. Nf5 Be6 18. b3 c4 19. b4 Nb7 20. g5 Nh5 21. Rfd1
Rhd8 22. Bf3 g6 23. Bxh5 1/2-1/2

[Event "SK Ochtrup 1 - SC Hiltrup 1"]
[Site "Verbandsklasse 2019/2020"]
[Date "2019.09.14"]
[Round "1.6"]
[White "Holtmannspoetter, Thomas"]
[Black "Vera, Antonio"]
[Result "1-0"]
[WhiteElo "1722"]
[BlackElo "1713"]
[PlyCount "107"]
[EventDate "2019.??.??"]
[SourceDate "2019.09.20"]

1. e4 c5 2. c3 d6 3. d4 cxd4 4. cxd4 Nc6 5. Nf3 Bg4 6. Be2 Nf6 7. Nc3 g6 8. h3
Bxf3 9. Bxf3 Bg7 10. Be3 O-O 11. O-O a6 12. Qd2 Rc8 13. Rac1 e5 14. d5 Ne7 15.
Na4 b5 16. Bb6 Qd7 17. Nc3 Qb7 18. Ba5 Nd7 19. Be2 Nb6 20. b3 f5 21. f3 Nd7 22.
Qe3 Nc5 23. b4 f4 24. Qf2 Nd7 25. a4 bxa4 26. Nxa4 Rxc1 27. Rxc1 Rc8 28. Qf1
Nb8 29. Nb6 Rxc1 30. Qxc1 Bf8 31. Na4 Qd7 32. Qc7 Qxa4 33. Qxb8 Qa1+ 34. Bf1
Qd4+ 35. Kh2 Qf2 36. Bxa6 Qg3+ 37. Kg1 Qe1+ 38. Bf1 Qe3+ 39. Kh2 Qe1 40. Qb5 g5
41. Bd8 Kf7 42. Qc4 h5 43. b5 g4 44. Qe2 g3+ 45. Kh1 Qxe2 46. Bxe2 Ke8 47. Bc7
Kd7 48. b6 Ng6 49. Bb5+ Kc8 50. Ba6+ Kd7 51. Bb8 Be7 52. b7 Bd8 53. Bxd6 Bc7
54. b8=Q 1-0

[Event "SK Ochtrup 1 - SC Hiltrup 1"]
[Site "Verbandsklasse 2019/2020"]
[Date "2019.09.14"]
[Round "1.7"]
[White "Jeromin, Rudolf Gustav"]
[Black "Jacob, Barbara"]
[Result "0-1"]
[WhiteElo "1622"]
[BlackElo "1660"]
[PlyCount "52"]
[EventDate "2019.??.??"]
[SourceDate "2019.09.20"]

1. e4 d5 2. exd5 Qxd5 3. Nc3 Qd8 4. Bc4 Nf6 5. h3 e6 6. a3 a6 7. d3 Nbd7 8. Bg5
Be7 9. Nf3 b5 10. Ba2 Bb7 11. O-O O-O 12. Qe2 h6 13. Bh4 c5 14. Rfd1 Rc8 15.
Bg3 Qb6 16. Bf4 Rfe8 17. Nh2 Nd5 18. Nxd5 exd5 19. Qd2 Qg6 20. f3 Bf6 21. c3 h5
22. Bb1 d4 23. c4 Bh4 24. Bc2 Rc6 25. cxb5 axb5 26. Nf1 Rce6 0-1

[Event "SK Ochtrup 1 - SC Hiltrup 1"]
[Site "Verbandsklasse 2019/2020"]
[Date "2019.09.14"]
[Round "1.8"]
[White "Kaiser, Guenter"]
[Black "May, Peter"]
[Result "1/2-1/2"]
[WhiteElo "1616"]
[BlackElo "1586"]
[PlyCount "64"]
[EventDate "2019.??.??"]
[SourceDate "2019.09.20"]

1. e4 e5 2. Nc3 Nf6 3. Bc4 Bc5 4. d3 Nc6 5. Nge2 Ng4 6. O-O d6 7. h3 Nf6 8. Bg5
h6 9. Be3 Nd4 10. Ng3 Be6 11. Na4 Bb6 12. Nxb6 axb6 13. c3 Nc6 14. f4 exf4 15.
Bxf4 Qe7 16. Bxe6 fxe6 17. d4 O-O-O 18. Be3 Qf7 19. Qa4 Kb8 20. Kh2 Qg6 21.
Rae1 h5 22. d5 exd5 23. exd5 Nxd5 24. Nf5 Rde8 25. Bd2 Rhf8 26. Rxe8+ Rxe8 27.
Nd4 Nxd4 28. Qxd4 c6 29. c4 Re2 30. Rf2 Rxf2 31. Qxf2 Nf6 32. Qxb6 Qd3 1/2-1/2

[Event "SF Reckenfeld 1 - SC Klein-Berlin Rhein"]
[Site "Verbandsklasse 2019/2020"]
[Date "2019.09.14"]
[Round "1.1"]
[White "Hemmert, Michael"]
[Black "Boerger, Andreas"]
[Result "1/2-1/2"]
[WhiteElo "1775"]
[BlackElo "1733"]
[PlyCount "44"]
[EventDate "2019.??.??"]
[SourceDate "2019.09.20"]

1. d4 Nf6 2. Bf4 g6 3. c4 Bg7 4. Nc3 d6 5. e4 O-O 6. Nf3 Nh5 7. Be3 f5 8. exf5
Bxf5 9. Be2 Nc6 10. O-O Qc8 11. Nh4 Nf6 12. Nxf5 gxf5 13. Nd5 Kh8 14. Bf3 e6
15. Nxf6 Bxf6 16. Rb1 Qd7 17. Qa4 Rf7 18. Qb5 Nxd4 19. Bxd4 Bxd4 20. Qxd7 Rxd7
21. Bxb7 Rb8 22. Bc6 Rg7 1/2-1/2

[Event "SF Reckenfeld 1 - SC Klein-Berlin Rhein"]
[Site "Verbandsklasse 2019/2020"]
[Date "2019.09.14"]
[Round "1.2"]
[White "Boeckmann, Dirk"]
[Black "Miethe, Christoph"]
[Result "1-0"]
[WhiteElo "1706"]
[BlackElo "1771"]
[PlyCount "137"]
[EventDate "2019.??.??"]
[SourceDate "2019.09.20"]

1. d4 d5 2. Nf3 e6 3. Bf4 Nf6 4. h3 Be7 5. e3 O-O 6. Bd3 c5 7. c3 c4 8. Bc2 Nc6
9. Nbd2 b5 10. a3 Bd7 11. e4 dxe4 12. Nxe4 Nxe4 13. Bxe4 f5 14. Bc2 Be8 15. Ne5
Nxe5 16. Bxe5 Bc6 17. Qe2 Bf6 18. O-O Bd5 19. Rae1 a5 20. Qe3 Bxe5 21. Qxe5 Rf6
22. Re3 f4 23. Ree1 Qb8 24. f3 h6 25. Qxb8+ Rxb8 26. Be4 Bxe4 27. Rxe4 b4 28.
axb4 axb4 29. Re2 bxc3 30. bxc3 Rb3 31. Rc2 Kf7 32. Ra1 Rb7 33. Ra4 Ke7 34.
Rxc4 Kd6 35. Rc5 Rf8 36. Re5 Rb3 37. c4 Rd3 38. c5+ Kd7 39. Re4 g5 40. Kf2 Rc8
41. Ke2 Ra3 42. Kd2 Ra1 43. Ke2 Rg1 44. Kf2 Ra1 45. g3 fxg3+ 46. Kxg3 Ra3 47.
Rce2 Rf8 48. R2e3 Rxe3 49. Rxe3 Rf6 50. Re4 Kc6 51. f4 gxf4+ 52. Rxf4 Rg6+ 53.
Kh4 Kd5 54. Kh5 Rg3 55. h4 e5 56. dxe5 Kxe5 57. Rc4 Kd5 58. Rc2 Kc6 59. Kxh6
Rg1 60. h5 Rg3 61. Kh7 Rg5 62. h6 Rg3 63. Kh8 Rg6 64. h7 Rg3 65. Rf2 Kxc5 66.
Rf7 Kd6 67. Rg7 Rc3 68. Rg6+ Ke7 69. Kg7 1-0

[Event "SF Reckenfeld 1 - SC Klein-Berlin Rhein"]
[Site "Verbandsklasse 2019/2020"]
[Date "2019.09.14"]
[Round "1.3"]
[White "Horstmann, Michael"]
[Black "Holtmannspoetter, Michael"]
[Result "1/2-1/2"]
[WhiteElo "1685"]
[BlackElo "1602"]
[PlyCount "78"]
[EventDate "2019.??.??"]
[SourceDate "2019.09.20"]

1. c4 e5 2. Nc3 Nf6 3. Nf3 Nc6 4. g3 g6 5. Bg2 Bg7 6. O-O O-O 7. d3 d6 8. Rb1
Be6 9. b4 a6 10. a4 Rb8 11. b5 Ne7 12. Ba3 Re8 13. Qc2 a5 14. Rfc1 Nd7 15. Nd2
f5 16. Nd5 b6 17. Nb3 Nf6 18. Nxf6+ Bxf6 19. Bb2 Rf8 20. Rd1 Qc8 21. Rbc1 Bg5
22. Rb1 c6 23. bxc6 Nxc6 24. Ba3 Rd8 25. e3 Ne7 26. Bb2 Rf8 27. f4 Bf6 28. Qe2
Bd7 29. c5 bxc5 30. Nxa5 Bxa4 31. Rdc1 Qa6 32. Bc3 Rxb1 33. Rxb1 Bb5 34. Bb7
Qb6 35. Qb2 c4 36. d4 exd4 37. Bxd4 Bxd4 38. exd4 Qxa5 39. Qxb5 Qc3 1/2-1/2